| 000 | 06776cam a2202125Ii 4500 | ||
|---|---|---|---|
| 003 | PE-LiUPU | ||
| 005 | 20250813165531.0 | ||
| 008 | 181126m20180 sp a rb 000 0 spa d | ||
| 020 | _a8417184252 (volumen1) | ||
| 020 | _a9788417184254 (volumen 1) | ||
| 020 | _a8417184260 (volumen 2) | ||
| 020 | _a9788417184261 (volumen 2) | ||
| 020 | _a8417184279 (volumen 3) | ||
| 020 | _a9788417184278 (volumen 3) | ||
| 020 | _a8417184287 (volumen 4) | ||
| 020 | _a9788417184285 (volumen 4) | ||
| 020 | _a8417184295 (volumen 5) | ||
| 020 | _a9788417184292 (volumen 5) | ||
| 020 | _a8417184309 (volumen 6) | ||
| 020 | _a9788417184308 (volumen 6) | ||
| 035 | _a(Sirsi) a250779 | ||
| 040 |
_aPE-LiUPU _bspa _cPE-LiUPU _erda |
||
| 049 | _aPRUA | ||
| 082 | 0 | 4 |
_a610 _bB74 _221 |
| 100 | 1 |
_aBorja Ruiz, Mateos, _eautor. |
|
| 245 | 0 | 0 |
_aTextbook AMIR medicina / _cMateos Borja Ruiz, [y otros ciento veinticuatro]. |
| 264 | 1 |
_aMadrid : _bMarbán, _c2018. |
|
| 300 |
_a6 volúmenes : _bilustraciones; _c28 centímetros |
||
| 336 |
_atext _2rdacontent |
||
| 337 |
_aunmediated _2rdamedia |
||
| 338 |
_avolume _2rdacarrier |
||
| 505 | 0 |
_aVolumen 1, _tTextbook AMIR medicina. _aCardiología -- Neumología -- Digestivo -- Nefrología -- Neurología. |
|
| 505 | 0 |
_aVolumen 2, _tTextbook AMIR medicina. _aEndocrinología -- Inmunología -- Hematología -- Reumatología -- Infecciosas -- Microbiología. |
|
| 505 | 0 |
_aVolumen 3, _tTextbook AMIR medicina. _aPediatría -- Obstetricia -- Ginecología -- Oftalmología -- Dermatología -- Orl. |
|
| 505 | 0 |
_aVolumen 4, _tTextbook AMIR medicina. _aTraumatología -- Farmacología -- Psiquiatría -- Urología -- Anestesia -- Genética -- Geriatría -- Preventiva -- Paciente terminal -- Cuidados paliativos -- Estadística. |
|
| 505 | 0 |
_aVolumen 5, _tTextbook AMIR medicina. _aTest razonados I -- Test razonados II. |
|
| 505 | 0 |
_aVolumen 6, _tTextbook AMIR medicina. _aNeurología -- neurocirugía -- oftamología -- pedriatía -- psiquiatría -- reumatología -- traumatología -- cirugía ortopédica -- urología. |
|
| 526 | _aP203 | ||
| 526 | _aP200 | ||
| 526 | _aSEG65 | ||
| 526 | _aSEG64 | ||
| 526 | _aSEG63 | ||
| 526 | _aSEG62 | ||
| 526 | _aSEG61 | ||
| 526 | _aSEG60 | ||
| 526 | _aSEG59 | ||
| 526 | _aSEG58 | ||
| 526 | _aSEG57 | ||
| 526 | _aSEG56 | ||
| 526 | _aSEG55 | ||
| 526 | _aSEG54 | ||
| 526 | _aSEG53 | ||
| 526 | _aSEG52 | ||
| 526 | _aSEG51 | ||
| 526 | _aSEG50 | ||
| 526 | _aSEG49 | ||
| 526 | _aSEG48 | ||
| 526 | _aSEG47 | ||
| 526 | _aSEG46 | ||
| 526 | _aSEG24 | ||
| 526 | _aSEG23 | ||
| 526 | _aSEG22 | ||
| 526 | _aSEG21 | ||
| 526 | _aSEG20 | ||
| 526 | _aSEG19 | ||
| 526 | _aSEG18 | ||
| 526 | _aSEG17 | ||
| 526 | _aSEG16 | ||
| 526 | _aSEG14 | ||
| 526 | _aSEG13 | ||
| 526 | _aSEG12 | ||
| 526 | _aSEG11 | ||
| 526 | _aSEG10 | ||
| 526 | _aSEG09 | ||
| 526 | _aSEG06 | ||
| 526 | _aSEG05 | ||
| 526 | _aSEG04 | ||
| 526 | _aSEG03 | ||
| 526 | _aSEG02 | ||
| 526 | _aSEG68 | ||
| 526 | _aSEG66 | ||
| 526 | _aSEG45 | ||
| 526 | _aSEG25 | ||
| 526 | _aSEG01 | ||
| 526 | _aP163 | ||
| 526 | _aP162 | ||
| 526 | _aP161 | ||
| 526 | _aP160 | ||
| 526 | _aP159 | ||
| 526 | _aP158 | ||
| 526 | _aP157 | ||
| 526 | _aP156 | ||
| 526 | _aP155 | ||
| 526 | _aP154 | ||
| 526 | _aP153 | ||
| 526 | _aP152 | ||
| 526 | _aP151 | ||
| 526 | _aP150 | ||
| 526 | _aP149 | ||
| 526 | _aP142 | ||
| 526 | _aP141 | ||
| 526 | _aP140 | ||
| 526 | _aP139 | ||
| 526 | _aP138 | ||
| 526 | _aP137 | ||
| 526 | _aP132 | ||
| 526 | _aP131 | ||
| 526 | _aP130 | ||
| 526 | _aP126 | ||
| 526 | _aP125 | ||
| 526 | _aP124 | ||
| 526 | _aP123 | ||
| 526 | _aP115 | ||
| 526 | _aP122 | ||
| 526 | _aP121 | ||
| 526 | _aP116 | ||
| 526 | _a P114 | ||
| 526 | _aP112 | ||
| 526 | _aP111 | ||
| 526 | _aP104 | ||
| 526 | _aP103 | ||
| 526 | _aP102 | ||
| 526 | _aP101 | ||
| 526 | _aP100 | ||
| 526 | _aP96 | ||
| 526 | _aP95 | ||
| 526 | _aP93 | ||
| 526 | _aP92 | ||
| 526 | _aP91 | ||
| 526 | _aP88 | ||
| 526 | _aP83 | ||
| 526 | _aP82 | ||
| 526 | _aP79 | ||
| 526 | _aP78 | ||
| 526 | _aP75 | ||
| 526 | _aP74 | ||
| 526 | _aP71 | ||
| 526 | _aP69 | ||
| 526 | _a P51 | ||
| 526 | _aP49 | ||
| 526 | _aP48 | ||
| 526 | _aP47 | ||
| 526 | _aP33 | ||
| 526 | _aP31 | ||
| 526 | _a P30 | ||
| 526 | _aP29 | ||
| 526 | _aP27 | ||
| 526 | _aP26 | ||
| 526 | _aP25 | ||
| 526 | _aP24 | ||
| 526 | _a P22 | ||
| 526 | _aP10 | ||
| 526 | _aP09 | ||
| 526 | _a P08 | ||
| 526 | _aP06 | ||
| 526 | _aP05 | ||
| 526 | _aP04 | ||
| 526 | _aP01 | ||
| 541 | _g0001-000588; | ||
| 541 | _gE001-5; | ||
| 650 | 0 | _aMedicina. | |
| 650 | 7 | _aMicrobiología. | |
| 650 | 7 | _aEndocrinología. | |
| 651 | 0 | _aInmunología. | |
| 651 | 0 | _aHematología. | |
| 651 | 0 | _aReumatología. | |
| 910 |
_adbm _bksl _cksl _d20181126 |
||
| 910 |
_abrg _bksl _cksl _d20190723 |
||
| 942 |
_2ddc _cBOOK |
||
| 994 |
_aC0 _bPEPRU |
||
| 596 | _a1 | ||
| 999 |
_a610 B74 1 _wDEWEY _c30253 _i79547 _d30253 _e2022-6-6 _f2021-11-3 _g4 _lCCODEBUL1 _mBUL _n15 _p31.95 _q4 _r0 _sY _tBOOK _u2018-11-26 _xSALUD _zP30 _0COMPRA _1FCOMPR2 _o.STAFF. Colección Ciencias de la Salud |
||
| 999 |
_a610 B74 1 _wDEWEY _c2 _i80312 _d2022-6-14 _e2022-6-12 _f2021-11-3 _g2 _lCCODEBUL1 _mBUL _n5 _p31.95 _q1 _r0 _sY _tBOOK _u2019-10-14 _xSALUD _zP22 _0COMPRA _1FCOMPR2 _o.STAFF. Colección Ciencias de la Salud |
||
| 999 |
_a610 B74 1 _wDEWEY _c5 _i79551 _d2019-10-6 _e2019-10-6 _f2019-2-20 _g2 _kCHECKEDOUT _lLOST _mBUL _n4 _p31.95 _q1 _rM _sY _tBOOK _u2018-11-26 _xSALUD _zP30 _0COMPRA _1FCOMPR2 _o.STAFF. Colección Ciencias de la Salud |
||
| 999 |
_a610 B74 2 _wDEWEY _c1 _i79548 _d2022-6-2 _e2022-5-30 _f2021-11-3 _g2 _lCCODEBUL1 _mBUL _n12 _p31.95 _q2 _r0 _sY _tBOOK _u2019-10-14 _xSALUD _zP30 _0COMPRA _1FCOMPR2 _o.STAFF. Colección Ciencias de la Salud |
||
| 999 |
_a610 B74 3 _wDEWEY _c1 _i79549 _f2021-11-3 _g2 _lCCODEBUL1 _mBUL _p31.95 _r0 _sY _tBOOK _u2019-10-14 _xSALUD _zP30 _0COMPRA _1FCOMPR2 _o.STAFF. Colección Ciencias de la Salud |
||
| 999 |
_a610 B74 3 _wDEWEY _c2 _i80313 _d2020-1-28 _f2021-11-3 _g2 _lCCODEBUL1 _mBUL _p42.43 _q1 _r0 _sY _tBOOK _u2019-10-14 _xSALUD _zP22 _0COMPRA _1FCOMPR2 _o.STAFF. Colección Ciencias de la Salud |
||
| 999 |
_a610 B74 4 _wDEWEY _c1 _i79550 _f2021-11-3 _g2 _lCCODEBUL1 _mBUL _p31.95 _r0 _sY _tBOOK _u2019-10-14 _xSALUD _zP30 _0COMPRA _1FCOMPR2 _o.STAFF. Colección Ciencias de la Salud |
||
| 999 |
_a610 B74 6 _wDEWEY _c1 _i79552 _d2022-6-23 _e2022-5-3 _f2021-11-3 _g2 _lCCODEBUL1 _mBUL _n2 _p31.95 _q3 _r0 _sY _tBOOK _u2019-10-14 _xSALUD _zP30 _0COMPRA _1FCOMPR2 _o.STAFF. Colección Ciencias de la Salud |
||
| 980 |
_81 _gALBERTO SANCHEZ Responsable de Automatización |
||